00246nam a2200109Ia 4500100001800000650001600018654001200034245004200046260002500088082001100113546001200124 aKelkar & Deo  aDraughtsman aDrawing aGooded Exercises in Isometric Drawing bMacmillon & coc2001 a604.24 aENGLISH